Nearest Countries With The Same Initial Quiz Stats

 Plays Quiz Updated Dec 25, 2018

Challenge
Share
Tweet
Embed
Score 0/21 Timer 08:00
3 Plays Today
Initial Countries % Correct
ZZambia - Zimbabwe
73.5%
IIran - Iraq
73.1%
LLatvia - Lithuania
61.1%
NNiger - Nigeria
58.6%
BBenin - Burkina Faso or Bolivia - Brazil
55.7%
EEritrea - Ethiopia
51.7%
KKazakhstan - Kyrgyzstan
51.2%
FFinland - France
49.4%
AArmenia - Azerbaijan
46.3%
MMalawi - Mozambique or Mali - Mauritania
44.7%
SSudan - South Sudan
43.6%
Initial Countries % Correct
HHaiti - Honduras
42%
CCameroon - Centr. Afr. Rep. - Chad
40.8%
RRomania - Russia
40.5%
JJapan - Jordan
40%
GGuinea - Guinea Bissau
39.4%
TTajikistan - Turkmenistan
36.5%
DDominica - Dominican Republic
36.4%
VVanuatu - Vietnam
33.1%
UUkraine - Uzbekistan
27.7%
PPalau - Philippines
15.8%

You're not logged in!

Compare scores with friends on all Sporcle quizzes.
OR
Log In

You Might Also Like...

Show Comments

Extras

Top Quizzes Today


Score Distribution

Your Account Isn't Verified!

In order to create a playlist on Sporcle, you need to verify the email address you used during registration. Go to your Sporcle Settings to finish the process.

Report this User

Report this user for behavior that violates our Community Guidelines.

Details: